Welfare Economics and Social Choice Theory / (Record no. 1241)
[ view plain ]
| 000 -LEADER | |
|---|---|
| fixed length control field | 00653nam a2200229 a 4500 |
| 001 - CONTROL NUMBER | |
| control field | 00012088 |
| 008 - FIXED-LENGTH DATA ELEMENTS--GENERAL INFORMATION | |
| fixed length control field | 110328s1980 maua g 000 0 eng d |
| 020 ## - INTERNATIONAL STANDARD BOOK NUMBER | |
| ISBN | 0898380332 |
| 040 ## - CATALOGING SOURCE | |
| Original cataloging agency | BD-DhIUB |
| Transcribing agency | BD-DhIUB |
| 082 04 - DEWEY DECIMAL CLASSIFICATION NUMBER | |
| Classification number | 330.155 |
| Edition number | 19 |
| 100 1# - MAIN ENTRY--PERSONAL NAME | |
| Personal name | Feldman, Allan M |
| 245 00 - TITLE STATEMENT | |
| Title | Welfare Economics and Social Choice Theory / |
| Statement of responsibility, etc | Allan M Feldman |
| 250 ## - EDITION STATEMENT | |
| Edition statement | 1st ed. |
| 260 ## - PUBLICATION, DISTRIBUTION, ETC. (IMPRINT) | |
| Place of publication, distribution, etc | Boston : |
| Name of publisher, distributor, etc | Kluwer Nijhoff Publishing, |
| Date of publication, distribution, etc | 1980. |
| 300 ## - PHYSICAL DESCRIPTION | |
| Extent | x, 230p. : |
| Other physical details | illus ; |
| Dimensions | 23cm |
| 520 0# - SUMMARY, ETC. | |
| Summary, etc | Economics |
| 556 ## - INFORMATION ABOUT DOCUMENTATION NOTE | |
| Information about documentation note | 2008\02\14 |
| 526 ## - STUDY PROGRAM INFORMATION NOTE | |
| Department | Economics |
| 650 17 - SUBJECT ADDED ENTRY--TOPICAL TERM | |
| Topical term or geographic name as entry element | Welfare Economics |
| Source of heading or term | Spines |
| 650 17 - SUBJECT ADDED ENTRY--TOPICAL TERM | |
| Topical term or geographic name as entry element | Social Choice |
| Source of heading or term | Spines |
| Withdrawn status | Lost status | Source of classification or shelving scheme | Damaged status | Not for loan | Home library | Current library | Shelving location | Date acquired | Total Checkouts | Full call number | Barcode | Date last seen | Copy number | Price effective from | Koha item type |
|---|---|---|---|---|---|---|---|---|---|---|---|---|---|---|---|
| Dewey Decimal Classification | Library, Independent University, Bangladesh (IUB) | Library, Independent University, Bangladesh (IUB) | General Stacks | 21/04/2011 | 330.155 F312w | 018261 | 11/05/2011 | 1 | 11/05/2011 | Books |